000 00702nam a2200289Ia 4500
005 20260324123939.0
008 008 260324s9999 xx 000 0 eng d
020 _a9780203813638
037 _aEBOOK
040 _aCRL
040 _beng
040 _cCRL
041 _2eng
041 _aeng
084 _qCRL
100 _aJyotsna Kapur; Keith Wagner
_91172267
245 0 _aNeoliberalism and Global Cinema
245 0 _bCapital, Culture, and Marxist Critique
260 _bTaylor and Francis
260 _c2011
365 _a
365 _b240
856 _uhttp://www.taylorfrancis.com/books/9780203813638
942 _cEBOOK
999 _c1766214
_d1766214